Nacimiento y desarrollo de la tolerancia en la Europa moderna

Na minha lista:
Detalhes bibliográficos
Autor principal: Kamen, Henry (Author)
Formato: Livro
Idioma:espanhol
Publicado em: Madrid Alianza 1987
Assuntos:
Tags: Adicionar Tag
Sem tags, seja o primeiro a adicionar uma tag!

MARC

LEADER 00000nam a2200000 a 4500
001 UCG0720
003 CL-VaPUC
008 100401e19870000SP |||||||||||||||||spa|d
020 |a 8420602477 
082 0 4 |a 261.7  |b KAM  |2 21 
100 |a Kamen, Henry  |e author  |9 548246 
245 1 0 |a Nacimiento y desarrollo de la tolerancia en la Europa moderna 
300 |a 253 p 
942 |c BK 
945 |d 20100401 00:00:00  |a dcastane 
260 |a Madrid  |b Alianza  |c 1987 
650 0 |a Tolerancia  |9 313098 
650 7 |a LIBERTAD DE RELIGION  |2 CL-VaPUC  |9 478297 
650 7 |a CRISTIANISMO Y TOLERANCIA  |2 CL-VaPUC  |9 548247 
651 0 |a Europa  |9 255156 
583 |a last modification  |c 20130328 10:27:45  |k Rodrigo Vera 
999 |c 340265  |d 340263 
952 |0 0  |1 0  |4 0  |6 261_700000000000000_KAM_1987  |7 0  |8 A  |9 434845  |a BIBHIS  |b BIBHIS  |d 2019-11-22  |i 4643925  |o 261.7 KAM 1987  |p 4643925  |r 2025-01-20  |w 2019-11-22  |y BK  |k HIS